Sociología del desarrollo y subdesarrollo de la sociología : (Record no. 10534)
[ view plain ]
| 000 -LEADER | |
|---|---|
| fixed length control field | 00504nam a22001457a 4500 |
| 008 - FIXED-LENGTH DATA ELEMENTS--GENERAL INFORMATION | |
| fixed length control field | 241125b ||||| |||| 00| 0 spa d |
| 040 ## - CATALOGING SOURCE | |
| Original cataloging agency | AR-FvUNAJ |
| Modifying agency | AR-FvUNAJ |
| 082 14 - DEWEY DECIMAL CLASSIFICATION NUMBER | |
| Edition number | 14 |
| Classification number | 306.3 |
| 100 1# - MAIN ENTRY--PERSONAL NAME | |
| 9 (RLIN) | 17841 |
| Personal name | Frank, Andre Gunder |
| 245 10 - TITLE STATEMENT | |
| Title | Sociología del desarrollo y subdesarrollo de la sociología : |
| Remainder of title | el desarrollo del subdesarrollo / |
| Statement of responsibility, etc | André Gunder Frank |
| 260 ## - PUBLICATION, DISTRIBUTION, ETC. (IMPRINT) | |
| Place of publication, distribution, etc | Barcelona : |
| Name of publisher, distributor, etc | Anagrama, |
| Date of publication, distribution, etc | 1969 |
| 300 ## - PHYSICAL DESCRIPTION | |
| Extent | 119 p. |
| 942 ## - ADDED ENTRY ELEMENTS (KOHA) | |
| Source of classification or shelving scheme | Dewey Decimal Classification |
| Item type | Libro, folleto, traducción |
| 980 ## - EQUIVALENCE OR CROSS-REFERENCE-SERIES STATEMENT--PERSONAL NAME/TITLE [LOCAL, CANADA] | |
| Linkage | 2 |
| Personal name | Virginia Figueroa |
| Field link and sequence number | 2 |
| Miscellaneous information | Virginia Figueroa |
| Withdrawn status | Lost status | Source of classification or shelving scheme | Damaged status | Not for loan | Home library | Current library | Date acquired | Source of acquisition | Full call number | Barcode | Date last seen | Price effective from | Koha item type |
|---|---|---|---|---|---|---|---|---|---|---|---|---|---|
| Dewey Decimal Classification | Biblioteca Central | Biblioteca Central | 25/11/2024 | Donación | 306.3 FRAs | UNAJ24110078 | 17/03/2025 | 25/11/2024 | Libro, folleto, traducción |